<?xml version="1.0" encoding="UTF-8"?>
<record
    xmlns:xsi="http://www.w3.org/2001/XMLSchema-instance"
    xsi:schemaLocation="http://www.loc.gov/MARC21/slim http://www.loc.gov/standards/marcxml/schema/MARC21slim.xsd"
    xmlns="http://www.loc.gov/MARC21/slim">

  <leader>00727nam a2200193 a 4500</leader>
  <controlfield tag="008">190917e2013    sp  |||g |||| 001 0 spa d</controlfield>
  <datafield tag="020" ind1=" " ind2=" ">
    <subfield code="a">9788427201187</subfield>
  </datafield>
  <datafield tag="041" ind1=" " ind2=" ">
    <subfield code="a">spa</subfield>
  </datafield>
  <datafield tag="092" ind1=" " ind2=" ">
    <subfield code="c">808</subfield>
    <subfield code="l">75</subfield>
    <subfield code="s">ROT</subfield>
  </datafield>
  <datafield tag="100" ind1="1" ind2=" ">
    <subfield code="a">Roth, Ver&#xF3;nica</subfield>
    <subfield code="9">4315</subfield>
  </datafield>
  <datafield tag="245" ind1=" " ind2=" ">
    <subfield code="a">Divergente /</subfield>
    <subfield code="c">Ver&#xF3;nica Roth</subfield>
  </datafield>
  <datafield tag="250" ind1=" " ind2=" ">
    <subfield code="a">15a ed.</subfield>
    <subfield code="b">Traducci&#xF3;n Pilar Ram&#xED;rez Tello</subfield>
  </datafield>
  <datafield tag="260" ind1=" " ind2=" ">
    <subfield code="a">Barcelona:</subfield>
    <subfield code="b">RBA;</subfield>
    <subfield code="c">2013.</subfield>
  </datafield>
  <datafield tag="300" ind1=" " ind2=" ">
    <subfield code="a">463 p.</subfield>
  </datafield>
  <datafield tag="500" ind1=" " ind2=" ">
    <subfield code="a">Roth, V. (2013). Divergente. (15a ed.). Barcelona : RBA.</subfield>
  </datafield>
  <datafield tag="505" ind1=" " ind2=" ">
    <subfield code="a">Una elecci&#xF3;n que delimita qui&#xE9;nes son tus amigos. Una elecci&#xF3;n que define tus creencias. Una elecci&#xF3;n que determina tus lealtades...para siempre. Una sola elecci&#xF3;n puede transformarte. </subfield>
  </datafield>
  <datafield tag="655" ind1=" " ind2=" ">
    <subfield code="a">Literatura</subfield>
    <subfield code="9">2917</subfield>
  </datafield>
  <datafield tag="942" ind1=" " ind2=" ">
    <subfield code="2">ddc</subfield>
    <subfield code="c">LIT</subfield>
  </datafield>
  <datafield tag="999" ind1=" " ind2=" ">
    <subfield code="c">3266</subfield>
    <subfield code="d">3266</subfield>
  </datafield>
  <datafield tag="952" ind1=" " ind2=" ">
    <subfield code="0">0</subfield>
    <subfield code="1">0</subfield>
    <subfield code="2">ddc</subfield>
    <subfield code="4">0</subfield>
    <subfield code="7">0</subfield>
    <subfield code="a">BFM</subfield>
    <subfield code="b">BFM</subfield>
    <subfield code="c">CR</subfield>
    <subfield code="d">2025-05-14</subfield>
    <subfield code="e">Donaci&#xF3;n Mayo 2025, Hern&#xE1;ndez, Maria Jos&#xE9;.</subfield>
    <subfield code="l">2</subfield>
    <subfield code="o">808 75 ROT</subfield>
    <subfield code="p">5025</subfield>
    <subfield code="r">2025-10-23</subfield>
    <subfield code="s">2025-09-30</subfield>
    <subfield code="t">Ej. 1</subfield>
    <subfield code="w">2025-05-14</subfield>
    <subfield code="y">LIT</subfield>
    <subfield code="z">Donaci&#xF3;n Mayo 2025, Hern&#xE1;ndez, Maria Jos&#xE9;. Sede Tordos</subfield>
    <subfield code="f"></subfield>
  </datafield>
</record>
